000 00474nam a2200193Ia 4500
003 GCL
008 140319s9999 xx 000 0 eng d
040 _aGCL /
_cGCL
082 0 4 _a055.13
_bG P
100 1 _aWENDL, BRIAN
245 1 0 _aPROGRAMMING IN C /
_cWENDL, BRIAN
700 1 _aGRAY, JOHN
260 _a[S.N] :
_bCHAPMAN & HALL ،
_c1995
300 _a200 P
650 0 4 _aPROGRAMMING
650 0 4 _aC (COMPUTER PROGRAM)
650 0 4 _aCOMPUTING
942 _2ddc
_cBK
999 _c21306
_d21306